| 000 | 00968nam a22002297i 4500 | ||
|---|---|---|---|
| 999 |
_c23206 _d23206 |
||
| 003 | AR-CdUCM | ||
| 008 | 250129b20182018 pe||||| |||| 00| 0 spa d | ||
| 040 |
_aMUNICIPALIDAD PROVINCIAL DEL CUSCO _cBIBLIOTECA MUNICIPAL DEL CUSCO |
||
| 041 | _hspa | ||
| 082 |
_a190.4 / R63P _bR63P |
||
| 100 |
_aRíos Zamalloa, Jorge _92949 |
||
| 245 | _aPsicología e Instintos / | ||
| 260 |
_aCusco : _c2018 |
||
| 300 |
_a204 páginas. : _c21x15 cm. |
||
| 505 | _aEl desarrollo dialéctico de la naturaleza para generar la vida -- Los sentidos de la aprehensión humana -- Del preconsciente al consiente -- La estructura psíquica del humano -- La lucha de los instintos en la estructura humana -- El grupo del temible y gran instinto del poder -- El instinto del miedo y de la sobrevivencia | ||
| 650 |
_aInstintos _938486 |
||
| 650 |
_aPoder humano _950986 |
||
| 650 |
_aMiedo _917638 |
||
| 650 |
_aSobrevivencia _921018 |
||
| 942 |
_2ddc _cLIBROS |
||
| 945 |
_apbjr _d29-01-2025 |
||